000 00425nam a2200169Ia 4500
008 230711s9999||||xx |||||||||||||| ||und||
020 _a978-0-19-879658-9
041 _aENG
082 _a615.19
_bPA-M
100 _aPatrick,Graham L
245 3 _aAn Introduction to Medicinal Chemistry
250 _a1st Ed.
260 _c2018
_aNew Delhi
_bOxford University Press
300 _a778p.
650 _aChemistry
942 _cBK
999 _c7468
_d7468